Definición de niveles de inundación en el Río Reventado

সংরক্ষণ করুন:
গ্রন্থ-পঞ্জীর বিবরন
প্রধান লেখক: Baltodano Parra, José Alberto
অন্যান্য লেখক: Hidalgo León, Hugo
বিন্যাস: গ্রন্থ
প্রকাশিত: San José, Costa Rica 1992
বিষয়গুলি:
ট্যাগগুলো: ট্যাগ যুক্ত করুন
কোনো ট্যাগ নেই, প্রথমজন হিসাবে ট্যাগ করুন!

MARC

LEADER 00000nam a2200000Ia 4500
003 005433
005 20221231144323.0
008 140114s1992 cr a m 000 ||s d
040 |c cru CEDI 
090 |a TFG 2591 
100 |a Baltodano Parra, José Alberto  |9 12477 
245 |a Definición de niveles de inundación en el Río Reventado 
260 |c 1992  |a San José, Costa Rica 
300 |a  89, [73] hojas : ilustraciones ; 28 cm.   |b  Tres planos pleg. en bolsillo.  
500 |a  Proyecto de graduación (licenciatura en ingeniería civil)--Universidad de Costa Rica. Facultad de Ingeniería. Escuela de Ingeniería Civil 
650 |x HIDROLOGIA - CARTAGO (COSTA RICA)  |9 12479 
700 |9 12478  |a Hidalgo León, Hugo 
942 |c TFG 
999 |c 20119  |d 20119